000 00654nas a2200229 4500
001 BR9506774
003 BR-BrBNA
005 20231205094500.0
007 ta
008 230509b bl.|||p| |||| 00| 00por d
040 _aBR-BrBNA
_bpor
_cBiblioteca Nacional de Agricultura
041 _a(Pt)
072 _aE70; E71
100 1 _aAnon.
245 1 _aO Brasil e hoje, grande consumidor e grande exportador de acucar de usina
650 _aAcucar
650 _aConsumidor
650 _aExportacao
773 0 _tAgronomia (Brazil)
_x
_g(Mar-Apr 1960), v. 18(2) p. 36-37
_wBR9506774
909 _a202311
_bLúcia
_c55
_dLúcia Elande
942 _2AGRIS
_n0
_cANA
999 _c144659
_d144659